| 000 | 00978naa a22002897a 4500 | ||
|---|---|---|---|
| 001 | BR8305869 | ||
| 003 | BR-BrBNA | ||
| 005 | 20240918175358.0 | ||
| 007 | ta | ||
| 008 | 230509b bl.||||| |||| 00| 0 por d | ||
| 040 |
_aBR-BrBNA _bpor _cBiblioteca Nacional de Agricultura |
||
| 041 | _a(Pt) | ||
| 072 |
_aF02 _b1850 _b2790 _b3540 |
||
| 090 | _aF02 BR8305869 | ||
| 100 | 1 | _aNunes, M.U.C. | |
| 100 | 1 | _aAraujo, H.M. de | |
| 111 | 1 |
_a1. Seminario Agropecuario do Acre _cRio Branco, AC (Brazil) _d13-17 Jun 1983 |
|
| 245 | 1 | _aEnxertia de tomate em jurubeba | |
| 260 | 3 |
_aRio Branco, AC (Brasil): _c1983. |
|
| 500 | _aAnais do 1. Seminario Agropecuario do Acre Rio Branco, AC (Brasil): 1983. p. 285-291 (BR8305869-AM)F02 | ||
| 650 | _aTOMATE | ||
| 650 | _aENXERTO | ||
| 650 | _aJURUBEBA | ||
| 773 | 0 |
_tAnais do 1. Seminario Agropecuario do Acre _wF02 BR8305869 _gRio Branco, AC (Brasil), 1983. p. 285-291 |
|
| 909 |
_a202404 _bLucia _c55 _dLucia Elande |
||
| 942 |
_cAM _2AGRIS |
||
| 999 |
_c316404 _d316404 |
||